| 000 | 00794nam a2200217 a 4500 | ||
|---|---|---|---|
| 001 | 000210906 | ||
| 003 | AM-YeHGA | ||
| 005 | 20250617124142.0 | ||
| 008 | 950417s1986 ru ||||| |||| 00| 0 rus d | ||
| 040 | _aAM-YeHGA | ||
| 041 | 0 | _arus | |
| 100 | 1 | _aБацанов, Степан Сергеевич | |
| 245 | 1 | 0 |
_aЭкспериментальные основы структурной химии : _bСправочное пособие / _cС. С. Бацанов. |
| 260 |
_aМосква : _bИзд-во стандартов, _c1986. |
||
| 300 |
_a238,[1] с. : _bил. ; _c22 см. |
||
| 500 | _aПредм. указ.: с. 238 | ||
| 504 | _aБиблиогр. 302 назв. | ||
| 650 | 1 | 4 |
_aХимическое строение _vСправочники |
| 942 |
_2udc _cBK |
||
| 090 | _c74925 | ||
| 999 |
_c73705 _d73705 |
||